ՄԱՅՐ ԱԹՈՌ ՍՈՒՐԲ ԷՋՄԻԱԾԻՆ

«ՎԱՉԵ ԵՎ ԹԱՄԱՐ ՄԱՆՈՒԿՅԱՆ» ՄԱՏԵՆԱԴԱՐԱՆ

Basics of biblical hebrew. (Record no. 72140)

MARC details
000 -LEADER
fixed length control field 00567nam a22002057a 4500
003 - CONTROL NUMBER IDENTIFIER
control field SEM
005 - DATE AND TIME OF LATEST TRANSACTION
control field 20220608074941.0
008 - FIXED-LENGTH DATA ELEMENTS--GENERAL INFORMATION
fixed length control field 220126s2001 us ||||gr|||||001 0 eng|d
020 ## - INTERNATIONAL STANDARD BOOK NUMBER
International Standard Book Number 0310237602
040 ## - CATALOGING SOURCE
Original cataloging agency SEM
Transcribing agency SEM
041 ## - LANGUAGE CODE
Language code of text/sound track or separate title eng
080 ## - UNIVERSAL DECIMAL CLASSIFICATION NUMBER
Universal Decimal Classification number 809.245-5/P-90
100 ## - MAIN ENTRY--PERSONAL NAME
Personal name Pratico, Gary D.; Pelt, Miles V. Van
245 ## - TITLE STATEMENT
Title Basics of biblical hebrew.
Remainder of title Grammar /
Statement of responsibility, etc. G. D. Pratico, M. V. Van Pelt
260 ## - PUBLICATION, DISTRIBUTION, ETC.
Place of publication, distribution, etc. Grand Rapids :
Name of publisher, distributor, etc. Zondervan,
Date of publication, distribution, etc. 2001.
300 ## - PHYSICAL DESCRIPTION
Extent XIII+446 p. ;
Dimensions CD;
-- 24 cm
650 ## - SUBJECT ADDED ENTRY--TOPICAL TERM
Topical term or geographic name entry element Hebrew
General subdivision grammar
653 ## - INDEX TERM--UNCONTROLLED
Uncontrolled term ՍԷՄ
942 ## - ADDED ENTRY ELEMENTS (KOHA)
Source of classification or shelving scheme Universal Decimal Classification
Koha item type Գրքեր/Books
Holdings
Withdrawn status Lost status Source of classification or shelving scheme Damaged status Not for loan Collection code Home library Current library Date acquired Cost, normal purchase price Inventory number Total Checkouts Full call number Barcode Date last seen Price effective from Koha item type Public note
    Universal Decimal Classification     Գրապահոց Մայր Աթոռ Սուրբ Էջմիածին «Վաչե և Թամար Մանուկյան» Մատենադարան Մայր Աթոռ Սուրբ Էջմիածին «Վաչե և Թամար Մանուկյան» Մատենադարան 26/01/2022 15000.00 E-5475   809.245-5/P-90 E-5475 26/01/2022 26/01/2022 Գրքեր/Books Սպասարկվում է ընթերցասրահ